Grundriss des verwaltungsrechts in Preussen und dem Deutschen Reiche.
Saved in:
| Main Author: | |
|---|---|
| Format: | Book |
| Language: | German |
| Published: |
Leipzig,
1916.
|
| Edition: | 5te auf. |
| Tags: |
Add Tag
No Tags, Be the first to tag this record!
|
| LEADER | 00541nam a2200193K 4500 | ||
|---|---|---|---|
| 001 | 005398455-2 | ||
| 005 | 20020606163548.3 | ||
| 008 | 950310s1916 gw 000 0 ger d | ||
| 035 | 0 | |a ocm78625154 | |
| 040 | |a HVL |c HVL | ||
| 100 | 1 | |a Bornhak, Konrad, |d 1861-1944. | |
| 245 | 1 | 0 | |a Grundriss des verwaltungsrechts in Preussen und dem Deutschen Reiche. |
| 250 | |a 5te auf. | ||
| 260 | |a Leipzig, |c 1916. | ||
| 300 | |a p. |c 8vo | ||
| 690 | 9 | |a Administrative Law |z Prussia. |5 law | |
| 690 | 9 | |a Administrative Law |z Germany. |5 law | |
| 988 | |a 20020608 | ||
| 906 | |0 MH | ||


